Human anatomy (Record no. 2241)

MARC details
000 -LEADER
fixed length control field 00537nam a22002057a 4500
003 - CONTROL NUMBER IDENTIFIER
control field OSt
005 - DATE AND TIME OF LATEST TRANSACTION
control field 20150909135532.0
008 - FIXED-LENGTH DATA ELEMENTS--GENERAL INFORMATION
fixed length control field 150909b xxu||||| |||| 00| 0 eng d
020 ## - INTERNATIONAL STANDARD BOOK NUMBER
International Standard Book Number 9780071283205
040 ## - CATALOGING SOURCE
Transcribing agency DNLM
082 ## - DEWEY DECIMAL CLASSIFICATION NUMBER
Classification number QS4 M582h 2008
100 ## - MAIN ENTRY--PERSONAL NAME
Personal name Mckinley, Michael
9 (RLIN) 5691
245 ## - TITLE STATEMENT
Title Human anatomy
250 ## - EDITION STATEMENT
Remainder of edition statement 2nd ed.
260 ## - PUBLICATION, DISTRIBUTION, ETC. (IMPRINT)
Place of publication, distribution, etc. Boston;
Name of publisher, distributor, etc. McGraw-hill
Date of publication, distribution, etc. 2008
300 ## - PHYSICAL DESCRIPTION
Extent xxx,874p;
Other physical details col.ill:
Dimensions 29cm
504 ## - BIBLIOGRAPHY, ETC. NOTE
Bibliography, etc Answers, glossary, credit, & index included
700 ## - ADDED ENTRY--PERSONAL NAME
Personal name Oloughlin, Dean
9 (RLIN) 5692
942 ## - ADDED ENTRY ELEMENTS (KOHA)
Source of classification or shelving scheme Other/Generic Classification Scheme
Koha item type Open Shelf
Holdings
Withdrawn status Lost status Source of classification or shelving scheme Damaged status Not for loan Home library Current library Date acquired Source of acquisition Inventory number Total Checkouts Full call number Barcode Date last seen Date last checked out Koha item type
    Other/Generic Classification Scheme     MUST Main Library MUST Main Library 09/09/2015   11/35274 1 QS4 M582h 2008 2015-2220 12/04/2022 28/03/2022 Open Shelf